000 00611nam a22002297a 4500
003 UA-OsUOA
001 38961
007 ta
008 20080229b un ||||| |||| 00| 0 ukr d
100 _aЧапленко В.
090 _a82-34
_bЧ-19
942 _cBK
040 _aUA-OsUOA
_bukr
_cUA-OsUOA
_dUA-OsUOA
245 _aМій голос у пустелі. Белетристика й полеміка
300 _a112 с.
955 _a3
041 _aukr
080 _a82-34
260 _aН.-Й.
_c1979
650 7 _a82 Література. Літературознавство
_2UDC
999 _c437471
_d437471